Sports Quiz

Random Sports or NCAA Quiz

NCAA Conference Realignment: 2014–15 Quiz Stats

 Plays Quiz not verified by Sporcle

Also try: Big West
Challenge
Share
Tweet
Embed
Score 0/16 Timer 05:00
0 Plays Today
Original Conference School % Correct
ACCMaryland
96.8%
AmericanRutgers
91.9%
AmericanLouisville
82.3%
Conference USATulane
56.5%
Conference USATulsa
54.8%
Conference USAEast Carolina
45.2%
WACIdaho
37.1%
SouthernDavidson
33.9%
Original Conference School % Correct
Sun BeltWestern Kentucky
33.9%
SouthernGeorgia Southern
32.3%
SouthernAppalachian State
29%
Atlantic SunMercer
24.2%
SouthlandOral Roberts
21%
Atlantic SunEast Tennessee State
19.4%
Big SouthVMI
19.4%
SouthernElon
17.7%

You're not logged in!

Compare scores with friends on all Sporcle quizzes.
OR
Log In

You Might Also Like...

Show Comments

Extras

Top Quizzes Today


Score Distribution

Your Account Isn't Verified!

In order to create a playlist on Sporcle, you need to verify the email address you used during registration. Go to your Sporcle Settings to finish the process.

Report this User

Report this user for behavior that violates our Community Guidelines.

Details: